| 000 | 01082nam a2200241 i 4500 | ||
|---|---|---|---|
| 001 | bg | ||
| 245 | 0 | 0 |
_aInformator dla kandydatów na I rok studiów Wydziału Budownictwa i Inżynierii Środowiska w roku akademickim 2005/2006 / _cPolitechnika Koszalińska. Wydział Budownictwa i Inżynierii Środowiska. |
| 260 |
_aKoszalin : _bWydaw. Uczelniane PK, _c2005. |
||
| 300 |
_a43, [1] s. ; _c21 cm. |
||
| 650 | 9 |
_aBudownictwo _xszkolnictwo wyższe _zPolska |
|
| 650 | 9 |
_aInżynieria środowiska _xszkolnictwo wyższe _zPolska |
|
| 651 | 9 |
_aKoszalin (woj. zachodniopomorskie) _xPolitechnika _xWydział Budownictwa i Inżynierii Środowiska |
|
| 655 | _aInformatory | ||
| 710 | 0 |
_aPolitechnika Koszalińska _bWydział Budownictwa i Inżynierii Środowiska |
|
| 020 | _a8373650792 | ||
| 040 | _cBPK | ||
| 041 | 0 | _apol | |
| 080 | _a378.662.096:624+628.1/.8](438)"20" | ||
| 920 | _a83-7365-079-2 | ||
| 942 | _cKS | ||
| 008 | s pl f |000 0 pol | ||
| 999 |
_c46224 _d46224 |
||
| 856 |
_uhttp://koha.tu.koszalin.pl/cgi-bin/koha/opac-detail.pl?biblionumber=46224 _yKatalog online BPK |
||